000 00370nam a2200157Ia 4500
100 _aTremblay/Jean-Paul
650 _aDatastructures
942 _cBK
366 _f23
245 _aIntroduction to Datastructures with applications
260 _bTata Mc Graw hill Ltd.
_c1984
082 _a5.73
_bTRE
300 _a861
546 _aENGLISH
_cComputers
999 _c33930
_d33930